000 00449nam a2200181Ia 4500
001 2459
005 20260306144808.0
008 260306t2011||||xx |||||||||||||| ||spa||
041 _aESP
082 _a616.89
_bV23
100 _aVallejo Ruiloba, Julio
_eAUT
245 0 _aIntroducción a la psicopatología y la psiquiatría
260 _c2011
300 _avii, 648 páginas :
_c
650 _aGEN
654 _aCPS
942 _cLIB
_dJUS
_fJUS
_2ddc
_n
999 _c2459
_d2459